| 000 | 02225cam a22004934i 4500 | ||
|---|---|---|---|
| 003 | PE-LiUPU | ||
| 005 | 20250731172835.0 | ||
| 008 | 150825s2012 miu rb 001 0 eng d | ||
| 020 | _a9780310329053 | ||
| 035 | _a(Sirsi) i9780310329053 | ||
| 040 |
_aPE-LiUPU _bspa _cPE-LiUPU _erda |
||
| 049 | _aPRUA | ||
| 082 | 0 | 4 |
_a227.06 _bC22 _223 |
| 100 | 1 |
_aCampbell, Constantine R., _eautor. |
|
| 245 | 1 | 0 |
_aPaul and union with Christ : _ban exegetical and theological study / _cConstantine R. Campbell. |
| 264 | 1 |
_aGrand Rapids : _bZondervan, _c[2012] |
|
| 300 |
_a479 páginas ; _c23 centímetros |
||
| 336 |
_atext _2rdacontent |
||
| 337 |
_aunmediated _2rdamedia |
||
| 338 |
_avolume _2rdacarrier |
||
| 504 | _aBibliografía : páginas 445-463. | ||
| 504 | _aÍndice de escrituras : páginas 464-475. | ||
| 504 | _aÍndice de nombres : páginas 476-479. | ||
| 505 | 0 | _aIntroduction and methodology -- The state of the union -- [En Christō] -- [Eis Christon] -- [Syn Christō] -- [Dia Christou] -- Metaphors -- Union with Christ and the work of Christ -- Union with Christ and the Trinity -- Union with Christ and Christian living -- Union with Christ and justification -- Defining 'union with Christ' -- Implications and future directions. | |
| 526 | _aSEG42 | ||
| 526 | _aSEG41 | ||
| 526 | _aSEG40 | ||
| 526 | _aSEG39 | ||
| 526 | _aP94 | ||
| 526 | _aP87 | ||
| 526 | _aP86 | ||
| 526 | _aP85 | ||
| 526 | _aP77 | ||
| 526 | _aP76 | ||
| 526 | _aP35 | ||
| 650 | 4 |
_aBiblia. _pN.T. _pEpístolas de Pablo _xCrítica, interpretación, etc. |
|
| 910 |
_acce _bjvq _ccce _d20150825 |
||
| 942 |
_2ddc _cBOOK |
||
| 949 |
_aPGT 227.06 C22 _wDEWEY _c1 _i71485 _d2016-5-16 _e2016-5-13 _lCCODEBUL1 _mBUL _n1 _p23.00 _r0 _sY _tBOOK _u2015-8-25 _xTEOLOGIA _PP85 _0COMPRA _o.CIRCNOTE. No olvidar cambiar la fecha de devolución!!!!!!! _o.STAFF. Posgrado |
||
| 994 |
_aC0 _bPEPRU |
||
| 596 | _a1 | ||
| 999 |
_aPGT 227.06 C22 _wDEWEY _c6962 _i71485 _d6962 _e2016-5-13 _f2021-11-9 _g5 _lCCODEBUL1 _mBUL _n1 _p23.00 _r0 _sY _tBOOK _u2015-8-25 _xTEOLOGIA _PP85 _0COMPRA _o.CIRCNOTE. No olvidar cambiar la fecha de devolución!!!!!!! _o.STAFF. Colección Teología |
||
| 980 |
_81 _gALBERTO SANCHEZ Responsable de Automatización |
||